| 000 | 00691nam a22002297a 4500 | ||
|---|---|---|---|
| 003 | OSt | ||
| 005 | 20260421080349.0 | ||
| 008 | 260312b |||||||| |||| 00| 0 eng d | ||
| 020 | _a981-4119-91-1. | ||
| 040 |
_aDWCL Main lib _cOC |
||
| 082 |
_22nd ed. _aCirc. 512 L694 2002 |
||
| 100 | _aLial, Margaret L. | ||
| 245 |
_aCollege algebra and trigonometry _cMargaret L. Lial |
||
| 250 | _a2nd ed. | ||
| 260 |
_aSingapore : _bPearson Education South Asia Pte Ltd, _cc2002. |
||
| 300 |
_axv, various paging : _bill. ; _c25 cm. |
||
| 650 | _a1. Algebra. | ||
| 650 | _a2. Trigonometry. | ||
| 700 | _aJohn Hornsby | ||
| 700 | _aDavid I. Schneider | ||
| 942 |
_2ddc _cBK-CIRC _e2nd ed. _kCirc. _n0 |
||
| 999 |
_c9031 _d9031 |
||